| 000 | 01085nam a2200265 i 4500 | ||
|---|---|---|---|
| 001 | 184470 | ||
| 003 | ES-MaACL | ||
| 005 | 20250511130153.0 | ||
| 008 | 150904s1921 sp |||| | spa d | ||
| 080 | _a821.134.2-293.21"18" | ||
| 100 | 1 |
_aLuceño, Tomás. _974566 |
|
| 245 | 1 | 0 |
_aDon Lucas del Cigarral _b: zarzuela en tres actos, refundición de la comedia de Don Francisco de Rojas "Entre bobos anda el juego" / _coriginal de Tomás Luceño y Carlos Fernández Shaw. |
| 260 |
_aMadrid : _bPrensa Popular, _c[1921] |
||
| 300 |
_a[32] p. ; _c20 cm. |
||
| 490 | 1 |
_aLa novela teatral, Año VI ; _v235 - Madrid, 22 mayo 1921 |
|
| 597 | _aP. sin numerar. | ||
| 599 | _aEn cub.: caricatura de Ceferino Palencia, por Tovar. | ||
| 700 | 1 |
_aFernández-Shaw, Carlos, _d1865-1911 _950098 |
|
| 700 | 1 |
_aRojas Zorrilla, Francisco de, _d1607-1648 _999085 |
|
| 700 | 0 |
_aTovar _c, ilustrador. _9157378 |
|
| 740 | 0 | 2 | _aEntre bobos anda el juego. |
| 830 | 0 |
_aLa novela teatral, Año VI ; _v235 - Madrid, 22 mayo 1921 _9192161 |
|
| 852 |
_aES-MaACL _j2332-F-17 |
||
| 999 |
_c184470 _d184470 |
||